| 000 | 00780cab a2200217 4500 | ||
|---|---|---|---|
| 001 | ABS48832 | ||
| 008 | 090401t1993 xxu||||| |||| 00| 0 eng d | ||
| 035 | _a(Sirsi) u68714 | ||
| 041 | _aeng | ||
| 100 | _aPaling, P. | ||
| 245 | _aTurnover leases | ||
| 260 | _c1993 | ||
| 350 | _a0 | ||
| 490 |
_aRent Review & Lease Renewal _v13(3) Summer 1993, 202-204(3) |
||
| 520 | _aExplains how a turnover lease is set up, paying particular attention to the definition of turnover, what should be included in turnover, ensuring maximum turnover, increasing the base rent to ERV during prolonged periods of non-trading, assignment and rent reviews. | ||
| 650 | _aLEASES | ||
| 650 | _aTURNOVER LEASES | ||
| 690 | _aPROPERTY-LANDLORD AND TENANT | ||
| 942 | _n0 | ||
| 948 | _c04/03/1997 | ||
| 999 |
_c43119 _d43119 |
||